Online
Catalog

La cuestión de Santo Domingo / (Record no. 26862)

MARC details
000 -CABECERA
campo de control de longitud fija 00620nam a2200181 a 4500
001 - NÚMERO DE CONTROL
campo de control 000027370
005 - FECHA Y HORA DE LA ÚLTIMA TRANSACCIÓN
campo de control 20200930030802.0
008 - DATOS DE LONGITUD FIJA--INFORMACIÓN GENERAL
campo de control de longitud fija 110331s1955 dr 000 0 spa d
040 ## - FUENTE DE LA CATALOGACIÓN
Centro catalogador/agencia de origen DO-SdBNP
Lengua de catalogación spa
Centro/agencia transcriptor BNPHU
082 ## - NÚMERO DE LA CLASIFICACIÓN DECIMAL DEWEY
Número de clasificación xxxx
Número de documento/Ítem P448c
049 ## - FONDOS LOCALES (OCLC)
Fondos de biblioteca BNPD
101 ## -
-- Perkins, Dexter
245 13 - MENCIÓN DE TÍTULO
Título La cuestión de Santo Domingo /
Mención de responsabilidad, etc. Dexter Perkins ; traducción George A. Lockward.
260 ## - PUBLICACIÓN, DISTRIBUCIÓN, ETC.
Lugar de publicación, distribución, etc. Ciudad Trujillo, República Dominicana :
Nombre del editor, distribuidor, etc. Montalvo,
Fecha de publicación, distribución, etc. 1955.
300 ## - DESCRIPCIÓN FÍSICA
Extensión vii, 434 p. ;
Dimensiones 22 cm.
504 ## - NOTA DE BIBLIOGRAFÍA, ETC.
Nota de bibliografía, etc. Incluye referencias bibliográficas y notas al pie de las páginas
700 1# - PUNTO DE ACCESO ADICIONAL--NOMBRE DE PERSONA
Nombre de persona Lockward, George A.,
Término indicativo de función/relación tr.
9 (RLIN) 46479
Holdings
Estado de retiro Estado de pérdida Restricciones de uso No para préstamo Código de colección Localización permanente Ubicación/localización actual Ubicación en estantería Fecha de adquisición Número de inventario Total de préstamos Signatura topográfica completa Código de barras Fecha visto por última vez Precio válido a partir de Tipo de ítem Koha Nota pública Número de copia
      Excluido de préstamo Raros y valiosos Patrimonio Dominicano Patrimonio Dominicano Depósito 31.03.2011 LF1   xxxx P448c 27370-10 25.06.2020 25.06.2020 No se presta Perteneció a la biblioteca personal de Martínez Boog.  
      Excluido de préstamo Raros y valiosos Patrimonio Dominicano Patrimonio Dominicano Depósito 01.07.2011 LF1   xxxx P448c 27370-20 25.06.2020 25.06.2020 No se presta   e. 2

Powered by Koha